Statistics for Guess the One Direction song with no hints #16

Click here to take the quiz!

General Stats

  • This quiz has been taken 354 times
  • The average score is 258 of 366

Answer Stats

Answer% Correct
I
100%
you
98%
a
97%
the
93%
And
90%
and
90%
me
88%
when
87%
your
86%
be
85%
to
84%
in
83%
is
82%
love
81%
on
81%
it
80%
oh)
79%
(oh
79%
(this
79%
This
79%
I'm
78%
no
76%
can
74%
are
73%
of
73%
that
73%
time
72%
wanna
72%
don't
71%
Don't
71%
know,
69%
know
69%
mine?
69%
my
69%
Then
69%
for
68%
I'll
68%
night
68%
There
68%
can't
67%
will
67%
yours
67%
But
64%
it's
64%
from
63%
get
63%
run)
63%
run
63%
'Cause
62%
(ready
62%
ready
62%
never
61%
out
59%
city
57%
dark
57%
make
57%
now
57%
sun
57%
eyes
56%
follow
56%
free
56%
look
56%
Escape
55%
every
54%
there's
54%
There's
54%
lost
53%
back,
52%
place
52%
way
52%
yes
52%
we'll
51%
alright
50%
belong
49%
only
49%
fine
48%
Wherever
48%
alive
47%
running
47%
by
46%
boat,
45%
inside
45%
life
45%
smile,
45%
Without
45%
I'd
44%
sinking
44%
deny
43%
always
42%
around
42%
change
42%
got
42%
lightning
41%
moment
41%
stay
41%
turn
41%
chasing
40%
devil
39%
realize
39%
finally
38%
keep
37%
give
35%
speed
35%
young
35%
everything
34%
course
33%
gaining
33%
kind
33%
next
33%
future
32%
tide
30%
Unless,
30%
criticize
29%
rolling
29%
foresee
28%

Score Distribution

Percentile by Number Answered

Percent of People with Each Score

Your Score History

You have not taken this quiz